000 00707nam a22002295i 4500
001 11735
003 ES-MaACL
005 20230906150150.0
007 t|
008 960227s1995 sp ||||0| spa j
020 _a84-206-9433-9
040 _aM-BN
_bspa
_cM-BN
080 _a321.7(4)
080 _a338.1(4)
100 1 _aMaravall, José María.
_976330
245 1 4 _aLos resultados de la democracia
_b: un estudio del sur y el este de Europa /
_cJosé María Maravall.
260 _aMadrid :
_bAlianza Editorial,
_c[1995]
300 _a316 p ;
_c22 cm.
650 1 4 _aDemocratización-
_zEuropa.
_911580
651 4 _aEuropa-
_xSituación económica.
_98633
852 _aES-MaACL
_jL-19045
_bR.124616
999 _c11735
_d11735